<?xml version="1.0" encoding="UTF-8"?>
<record
    xmlns:xsi="http://www.w3.org/2001/XMLSchema-instance"
    xsi:schemaLocation="http://www.loc.gov/MARC21/slim http://www.loc.gov/standards/marcxml/schema/MARC21slim.xsd"
    xmlns="http://www.loc.gov/MARC21/slim">

  <leader>00848nam a22001937a 4500</leader>
  <datafield tag="999" ind1=" " ind2=" ">
    <subfield code="c">61924</subfield>
    <subfield code="d">61924</subfield>
  </datafield>
  <controlfield tag="003">Ge_BSU</controlfield>
  <controlfield tag="005">20240611104655.0</controlfield>
  <controlfield tag="008">240611s1973    ge ||||| |||| 00| 0 geo d</controlfield>
  <datafield tag="041" ind1=" " ind2=" ">
    <subfield code="a">geo</subfield>
  </datafield>
  <datafield tag="080" ind1=" " ind2=" ">
    <subfield code="a">617(479.22)(092) &#x10D4;-78</subfield>
  </datafield>
  <datafield tag="100" ind1=" " ind2=" ">
    <subfield code="a">&#x10D4;&#x10E0;&#x10D8;&#x10E1;&#x10D7;&#x10D0;&#x10D5;&#x10D8;, &#x10D9;&#x10DD;&#x10DC;&#x10E1;&#x10E2;&#x10D0;&#x10DC;&#x10E2;&#x10D8;&#x10DC;&#x10D4;</subfield>
    <subfield code="9">22386</subfield>
  </datafield>
  <datafield tag="245" ind1=" " ind2=" ">
    <subfield code="a">&#x10DB;&#x10DD;&#x10D2;&#x10DD;&#x10DC;&#x10D4;&#x10D1;&#x10D0; /</subfield>
    <subfield code="c">&#x10D9;&#x10DD;&#x10DC;&#x10E1;&#x10E2;&#x10D0;&#x10DC;&#x10E2;&#x10D8;&#x10DC;&#x10D4; &#x10D4;&#x10E0;&#x10D8;&#x10E1;&#x10D7;&#x10D0;&#x10D5;&#x10D8;; &#x10E0;&#x10D4;&#x10D3;. &#x10D4;. &#x10D9;&#x10D0;&#x10DC;&#x10D3;&#x10D4;&#x10DA;&#x10D0;&#x10D9;&#x10D8;.</subfield>
  </datafield>
  <datafield tag="264" ind1=" " ind2=" ">
    <subfield code="a">&#x10D7;&#x10D1;&#x10D8;&#x10DA;&#x10D8;&#x10E1;&#x10D8; : </subfield>
    <subfield code="b">&#x10E1;&#x10D0;&#x10D1;&#x10ED;. &#x10E1;&#x10D0;&#x10E5;&#x10D0;&#x10E0;&#x10D7;&#x10D5;&#x10D4;&#x10DA;&#x10DD;,</subfield>
    <subfield code="c">1973.</subfield>
  </datafield>
  <datafield tag="300" ind1=" " ind2=" ">
    <subfield code="a">146 &#x10D2;&#x10D5;. : </subfield>
    <subfield code="b">1 &#x10E4;. &#x10DE;&#x10DD;&#x10E0;&#x10E2;&#x10E0;. ; </subfield>
    <subfield code="c">18 &#x10E1;&#x10DB;.</subfield>
  </datafield>
  <datafield tag="653" ind1=" " ind2=" ">
    <subfield code="a">&#x10E5;&#x10D0;&#x10E0;&#x10D7;&#x10D5;&#x10D4;&#x10DA;&#x10D8; &#x10E5;&#x10D8;&#x10E0;&#x10E3;&#x10E0;&#x10D2;&#x10D4;&#x10D1;&#x10D8;</subfield>
  </datafield>
  <datafield tag="653" ind1=" " ind2=" ">
    <subfield code="a">&#x10DB;&#x10D4;&#x10D3;&#x10D8;&#x10EA;&#x10D8;&#x10DC;&#x10D0;</subfield>
  </datafield>
  <datafield tag="700" ind1=" " ind2=" ">
    <subfield code="a"> &#x10D9;&#x10D0;&#x10DC;&#x10D3;&#x10D4;&#x10DA;&#x10D0;&#x10D9;&#x10D8;, &#x10D4;.</subfield>
    <subfield code="e">&#x10E0;&#x10D4;&#x10D3;&#x10D0;&#x10E5;&#x10E2;&#x10DD;&#x10E0;&#x10D8;</subfield>
    <subfield code="9">22387</subfield>
  </datafield>
  <datafield tag="942" ind1=" " ind2=" ">
    <subfield code="2">udc</subfield>
    <subfield code="c">&#x1CAC;&#x1C98;&#x1C92;&#x1C9C;&#x1C98;</subfield>
  </datafield>
  <datafield tag="952" ind1=" " ind2=" ">
    <subfield code="0">0</subfield>
    <subfield code="1">0</subfield>
    <subfield code="2">udc</subfield>
    <subfield code="4">0</subfield>
    <subfield code="6">61747922092_&#x10D4;78</subfield>
    <subfield code="7">0</subfield>
    <subfield code="9">99140</subfield>
    <subfield code="a">CPL</subfield>
    <subfield code="b">CPL</subfield>
    <subfield code="c">GEN</subfield>
    <subfield code="d">2024-06-11</subfield>
    <subfield code="g">0.00</subfield>
    <subfield code="o">617(479.22)(092) &#x10D4;-78</subfield>
    <subfield code="p">68105</subfield>
    <subfield code="r">2024-06-11</subfield>
    <subfield code="t">68105</subfield>
    <subfield code="w">2024-06-11</subfield>
    <subfield code="y">&#x1CAC;&#x1C98;&#x1C92;&#x1C9C;&#x1C98;</subfield>
    <subfield code="z">0.82 &#x10D7;.</subfield>
  </datafield>
</record>
